| 000 | 00435nam a2200181Ia 4500 | ||
|---|---|---|---|
| 001 | 22586 | ||
| 005 | 20260414150841.0 | ||
| 008 | 260414t2006||||xx |||||||||||||| ||spa|| | ||
| 041 | _aESP | ||
| 082 |
_a621.382 _bV19 |
||
| 100 |
_aValdar, Andy _eAUT |
||
| 245 | 0 |
_aUnderstanding telecommunications networks _b |
|
| 260 | _c2006 | ||
| 300 |
_a336 páginas : _c23 cm. |
||
| 650 | _aTCA | ||
| 654 | _aCET | ||
| 942 |
_cLIB _dJUS _fJUS _2ddc _n |
||
| 999 |
_c22586 _d22586 |
||